Aging out of the foster system (Record no. 43739)

MARC details
001 - CONTROL NUMBER
control field 23770253
003 - CONTROL NUMBER IDENTIFIER
control field 0000
005 - DATE AND TIME OF LATEST TRANSACTION
control field 20251013151402.0
008 - FIXED-LENGTH DATA ELEMENTS--GENERAL INFORMATION
fixed length control field 240710s2025 nyu b 001 0 eng
010 ## - LIBRARY OF CONGRESS CONTROL NUMBER
LC control number 2024027879
020 ## - INTERNATIONAL STANDARD BOOK NUMBER
International Standard Book Number 9781032264752
035 ## - SYSTEM CONTROL NUMBER
System control number 23770253
040 ## - CATALOGING SOURCE
Original cataloging agency DLC
Language of cataloging eng
Description conventions rda
Transcribing agency DLC
Modifying agency DLC
042 ## - AUTHENTICATION CODE
Authentication code pcc
050 00 - LIBRARY OF CONGRESS CALL NUMBER
Classification number HV 873 .M75
082 00 - DEWEY DECIMAL CLASSIFICATION NUMBER
Classification number 362.73/3
Edition number 23/eng/20241121
100 1# - MAIN ENTRY--PERSONAL NAME
Personal name Mosier-Puentes, Miranda,
Relator term author.
245 10 - TITLE STATEMENT
Title Aging out of the foster system
Remainder of title youths' perspectives/
Statement of responsibility, etc Miranda Mosier-Puentes and Marcelo Diversi.
263 ## - PROJECTED PUBLICATION DATE
Projected publication date 2501
264 #1 - PUBLICATION, DISTRIBUTION, ETC. (IMPRINT)
Place of publication, distribution, etc New York, NY :
Name of publisher, distributor, etc Routledge,
Date of publication, distribution, etc 2025.
300 ## - PHYSICAL DESCRIPTION
Extent xiii, 148p.
336 ## - CONTENT TYPE
Content type term text
Content type code txt
Source rdacontent
337 ## - MEDIA TYPE
Media type term unmediated
Media type code n
Source rdamedia
338 ## - CARRIER TYPE
Carrier type term volume
Carrier type code nc
Source rdacarrier
504 ## - BIBLIOGRAPHY, ETC. NOTE
Bibliography, etc Includes bibliographical references and index.
520 ## - SUMMARY, ETC.
Summary, etc "By centering the experiences of youths in these contexts and attending to the larger forces at work, this book helps connect the dots between youth aging out of the foster care system, social workers in Independent Living Programs, and the professors and scholars teaching the next generations of professionals working to support the aging out process"--
Assigning source Provided by publisher.
650 #0 - SUBJECT ADDED ENTRY--TOPICAL TERM
Topical term or geographic name as entry element Foster children.
650 #0 - SUBJECT ADDED ENTRY--TOPICAL TERM
Topical term or geographic name as entry element Ex-foster children.
650 #0 - SUBJECT ADDED ENTRY--TOPICAL TERM
Topical term or geographic name as entry element Foster home care.
650 #0 - SUBJECT ADDED ENTRY--TOPICAL TERM
Topical term or geographic name as entry element Youth
General subdivision Services for.
700 1# - ADDED ENTRY--PERSONAL NAME
Personal name Diversi, Marcelo,
Dates associated with a name 1967-
Relator term author.
776 08 - ADDITIONAL PHYSICAL FORM ENTRY
Relationship information Online version:
Main entry heading Mosier-Puentes, Miranda.
Title Aging out
Place, publisher, and date of publication New York, NY : Routledge, 2025
International Standard Book Number 9781003288442
Record control number (DLC) 2024027880
906 ## - LOCAL DATA ELEMENT F, LDF (RLIN)
a 7
b cbc
c orignew
d 1
e ecip
f 20
g y-gencatlg
942 ## - ADDED ENTRY ELEMENTS (KOHA)
Source of classification or shelving scheme Library of Congress Classification
Koha item type Books
Holdings
Withdrawn status Lost status Source of classification or shelving scheme Damaged status Not for loan Permanent Location Current Location Date acquired Total Checkouts Full call number Barcode Date last seen Price effective from Koha item type
    Library of Congress Classification     NILE UNIVERSITY OF NIGERIA - MAIN LIBRARY NILE UNIVERSITY OF NIGERIA - MAIN LIBRARY 10/13/2025   HV 873 .M75 2025 0199133 10/13/2025 10/13/2025 Books
    Library of Congress Classification     NILE UNIVERSITY OF NIGERIA - MAIN LIBRARY NILE UNIVERSITY OF NIGERIA - MAIN LIBRARY 10/13/2025   HV 873 .M75 2025 0199134 10/13/2025 10/13/2025 Books